[Event "Titled Tue 27th May Early"]
[Site "chess.com INT"]
[Date "2025.05.27"]
[Round "3"]
[White "Grot, Blazej"]
[Black "Sonis, Francesco"]
[Result "0-1"]
[WhiteTitle "CM"]
[BlackTitle "GM"]
[WhiteElo "2217"]
[BlackElo "2570"]
[WhiteFideId "21835845"]
[BlackFideId "895733"]
[EventDate "2025.05.27"]

1. e4 g6 2. d4 Bg7 3. Nf3 d6 4. c3 Nc6 5. Bc4 e5 6. O-O Qe7 7. Re1 Nf6 8. h3 O-O
9. Bg5 h6 10. Bh4 Kh8 11. Nbd2 Rb8 12. a4 a5 13. Bf1 b6 14. Qc2 Bd7 15. Rad1 Qe8
16. dxe5 Nxe5 17. Nxe5 dxe5 18. Bxf6 Bxf6 19. Nc4 Bxa4 20. b3 Bc6 21. Ne3 Kg7
22. Bc4 Bb7 23. Nd5 Bd8 24. Ne3 Qe7 25. Qe2 Qh4 26. Ng4 Qe7 27. Rd2 h5 28. Ne3
Qh4 29. Rd7 Bc6 30. Rdd1 Qxe4 31. Bd5 Bxd5 32. Rxd5 Bg5 33. Qc4 Qxc4 34. Nxc4 f6
35. Rd7+ Rf7 36. Red1 Rf8 37. g3 Rxd7 38. Rxd7+ Rf7 39. Rd5 Re7 40. h4 Bh6 41.
Kg2 Kf7 42. Rd8 Re8 43. Rd7+ Re7 44. Rd8 Ke6 45. Kf3 Rd7 46. Re8+ Kf7 47. Rc8
Bf8 48. Ke4 Be7 49. Rh8 Bf8 50. Ne3 Kg7 0-1

[Event "Titled Tue 27th May Early"]
[Site "chess.com INT"]
[Date "2025.05.27"]
[Round "3"]
[White "Punin, Andrii"]
[Black "Koridze, Lile"]
[Result "1/2-1/2"]
[WhiteTitle "FM"]
[BlackTitle "WFM"]
[WhiteElo "2289"]
[BlackElo "2110"]
[WhiteFideId "14112639"]
[BlackFideId "13612514"]
[EventDate "2025.05.27"]

1. e4 c5 2. Nf3 d6 3. Bb5+ Nd7 4. a4 a6 5. Be2 Ngf6 6. Nc3 g6 7. a5 Bg7 8. O-O
O-O 9. d3 Rb8 10. Bd2 b5 11. axb6 Nxb6 12. Ra2 Qc7 13. h3 e6 14. b3 d5 15. exd5
exd5 16. Na4 Be6 17. Ba5 Nfd7 18. Nxb6 Nxb6 19. Ng5 Qc6 20. Bg4 Bxg4 21. Qxg4 c4
22. bxc4 dxc4 23. Bxb6 Qxb6 24. Qxc4 a5 25. Re1 h6 26. Nf3 Rbc8 27. Qb3 Qxb3 28.
cxb3 Bc3 29. Rc1 Bb4 30. Rac2 Rcd8 31. d4 Rd6 32. Rc6 Rd5 33. Kf1 Ba3 34. R1c3
Kg7 35. Ke2 Rb8 36. R6c4 Rdb5 37. Nd2 Bb4 38. Rc2 Bxd2 39. Rxd2 Rxb3 40. d5 Kf6
41. d6 Rd8 42. d7 Rb7 43. Rcd4 Ke7 44. Re4+ Kf8 45. Red4 Ke7 46. Re4+ Kf8 47.
Red4 Ke7 1/2-1/2

[Event "Titled Tue 27th May Early"]
[Site "chess.com INT"]
[Date "2025.05.27"]
[Round "3"]
[White "Gavarrete, Nahun"]
[Black "Brancaleoni, Maurizio"]
[Result "0-1"]
[WhiteTitle "FM"]
[BlackTitle "FM"]
[WhiteElo "2281"]
[BlackElo "2185"]
[WhiteFideId "8400709"]
[BlackFideId "803022"]
[EventDate "2025.05.27"]

1. e4 c6 2. d4 d5 3. e5 c5 4. c3 Nc6 5. Nf3 cxd4 6. cxd4 Bg4 7. Be3 e6 8. Nc3
Bb4 9. Qb3 Nge7 10. Bb5 Bxc3+ 11. bxc3 Bxf3 12. gxf3 O-O 13. Bd3 Na5 14. Qc2 h6
15. Ke2 Rc8 16. Rac1 Nc4 17. Rhg1 Kh8 18. Rg2 Nxe3 19. fxe3 g6 20. Rgg1 Rg8 21.
Qb3 b6 22. Ba6 Rc7 23. c4 dxc4 24. Rxc4 Nf5 25. Rgc1 Rxc4 26. Qxc4 Qg5 27. f4
Qg2+ 28. Kd3 Ne7 29. Rc2 Qg1 30. Bb7 Nf5 31. Kc3 Nxe3 32. Qc7 Nxc2 33. Kxc2 Rg7
34. Qd8+ Kh7 35. Qf8 Qxd4 36. Qe7 Qc4+ 37. Kb2 Qd4+ 38. Kc2 Qf2+ 39. Kb3 Qe3+
40. Kc4 Qxf4+ 41. Kb5 Qxe5+ 42. Ka6 Qa5# 0-1

[Event "Titled Tue 27th May Early"]
[Site "chess.com INT"]
[Date "2025.05.27"]
[Round "3"]
[White "Papacek, Stepan"]
[Black "Emeliantsev, Anatoliy"]
[Result "0-1"]
[WhiteTitle "FM"]
[BlackTitle "FM"]
[WhiteElo "2225"]
[BlackElo "2359"]
[WhiteFideId "301035"]
[BlackFideId "4160681"]
[EventDate "2025.05.27"]

1. e4 c5 2. c3 Nf6 3. e5 Nd5 4. Nf3 Nc6 5. Bc4 Nb6 6. Bb3 g6 7. a4 c4 8. Bc2 Bg7
9. a5 Nd5 10. d4 O-O 11. b4 cxb3 12. Bxb3 Nc7 13. h4 d6 14. h5 dxe5 15. hxg6
hxg6 16. Bh6 Bxh6 17. Rxh6 Kg7 18. Qd2 exd4 19. Rh2 Rh8 20. Qf4 Be6 21. Nbd2
Rxh2 22. Qxh2 dxc3 23. Nc4 Qd3 24. Ng5 Rh8 0-1

[Event "Titled Tue 27th May Early"]
[Site "chess.com INT"]
[Date "2025.05.27"]
[Round "3"]
[White "Tarasov, Igor"]
[Black "Sovetbekova, Nurai"]
[Result "0-1"]
[WhiteTitle "FM"]
[BlackTitle "WFM"]
[WhiteElo "2256"]
[BlackElo "2007"]
[WhiteFideId "4120256"]
[BlackFideId "13801910"]
[EventDate "2025.05.27"]

1. d4 Nf6 2. c4 e6 3. Nc3 d5 4. Nf3 Be7 5. e3 O-O 6. Qc2 b6 7. Bd3 dxc4 8. Bxc4
Bb7 9. Be2 c5 10. O-O Nc6 11. Rd1 Qc8 12. a3 Rd8 13. b3 cxd4 14. exd4 Bd6 15.
Bg5 Ne7 16. Bxf6 gxf6 17. b4 Nd5 18. Rac1 Nf4 19. Qd2 Qd7 20. Qe3 Kh8 21. Bf1
Rg8 22. g3 Ng6 23. Ne5 Qe7 24. Nd3 Nh4 25. Be2 Nf5 26. Qd2 Nxd4 0-1

[Event "Titled Tue 27th May Early"]
[Site "chess.com INT"]
[Date "2025.05.27"]
[Round "3"]
[White "Giri, Anish"]
[Black "Budhidharma, Nayaka"]
[Result "1-0"]
[WhiteTitle "GM"]
[BlackTitle "IM"]
[WhiteElo "2738"]
[BlackElo "2390"]
[WhiteFideId "24116068"]
[BlackFideId "7106955"]
[EventDate "2025.05.27"]

1. Nf3 g6 2. d4 Bg7 3. c3 d6 4. e4 c6 5. Bd3 Bg4 6. Nbd2 Nd7 7. h3 Bxf3 8. Nxf3
Ngf6 9. O-O O-O 10. Re1 e5 11. Be3 Qc7 12. Qc2 a5 13. a4 Rfe8 14. dxe5 dxe5 15.
Reb1 Bf8 16. b4 h6 17. Nd2 Nh5 18. g3 b6 19. Bc4 Ndf6 20. bxa5 bxa5 21. Nf3 Nd7
22. Nh4 Kg7 23. Qc1 g5 24. Bxg5 Kh7 25. Bxf7 Nxg3 26. fxg3 hxg5 27. Qxg5 Bc5+
28. Kh2 1-0

[Event "Titled Tue 27th May Early"]
[Site "chess.com INT"]
[Date "2025.05.27"]
[Round "3"]
[White "Horobetz, Graham"]
[Black "Protopopescu, Luca"]
[Result "1-0"]
[BlackTitle "CM"]
[WhiteElo "2250"]
[BlackElo "2216"]
[WhiteFideId "2047322"]
[BlackFideId "651088894"]
[EventDate "2025.05.27"]

1. e4 e6 2. d4 d5 3. Nd2 Nf6 4. e5 Nfd7 5. Ngf3 c5 6. c3 Nc6 7. Bd3 Qb6 8. O-O
cxd4 9. cxd4 Nxd4 10. Nxd4 Qxd4 11. Nf3 Qb6 12. a3 a5 13. Be3 Bc5 14. Bd2 h6 15.
Qa4 O-O 16. b4 Be7 17. Be3 Qc7 18. Rac1 Qb8 19. b5 Nxe5 20. Nxe5 Qxe5 21. Bf4
Qh5 22. Rfe1 f6 23. Qb3 a4 24. Qa2 Qf7 25. Rc7 e5 26. Bd2 b6 27. Bb4 Bxb4 28.
Rxf7 Bxe1 29. Rxf8+ Kxf8 30. Qxd5 Ra7 31. Qd8+ Kf7 32. Qxc8 Ba5 33. Bc4+ Kg6 34.
Qg4+ Kh7 35. Bd3+ Kg8 36. Qe6+ Kf8 37. Bg6 Ra8 38. Qf7# 1-0

[Event "Titled Tue 27th May Early"]
[Site "chess.com INT"]
[Date "2025.05.27"]
[Round "3"]
[White "Lyutsinger, Iren"]
[Black "Rubes, Jan"]
[Result "1-0"]
[WhiteTitle "FM"]
[BlackTitle "IM"]
[WhiteElo "2266"]
[BlackElo "2426"]
[WhiteFideId "34425969"]
[BlackFideId "338176"]
[EventDate "2025.05.27"]

1. e4 e5 2. Nf3 Nc6 3. Bb5 a6 4. Ba4 d6 5. O-O Nf6 6. d4 b5 7. Bb3 Nxd4 8. Nxd4
exd4 9. a4 Be6 10. Bxe6 fxe6 11. axb5 axb5 12. Rxa8 Qxa8 13. Qxd4 Qxe4 14. Qa7
Qc6 15. Re1 Kf7 16. Nd2 Be7 17. Nf3 Ra8 18. Qe3 e5 19. Qxe5 dxe5 20. Nxe5+ Kf8
21. Nxc6 Bd6 22. Nd4 b4 23. Nb5 Ra5 24. Nxd6 cxd6 25. Bf4 Ne8 26. Rd1 Rc5 27.
Rd2 Ke7 28. f3 g5 29. Be3 Rc4 30. Kf2 Nc7 31. b3 Rc3 32. Bd4 Rc6 33. Ke2 Ne6 34.
Be3 h5 35. Kd1 Ra6 36. Rd5 Ra1+ 37. Ke2 Rh1 38. Bxg5+ Nxg5 39. Rxg5 Rxh2 40. Kf2
h4 41. Kg1 1-0

[Event "Titled Tue 27th May Early"]
[Site "chess.com INT"]
[Date "2025.05.27"]
[Round "3"]
[White "Mateus, Martha"]
[Black "Pribelszky, Bence"]
[Result "0-1"]
[WhiteTitle "WIM"]
[BlackTitle "IM"]
[WhiteElo "1963"]
[BlackElo "2400"]
[WhiteFideId "4401549"]
[BlackFideId "769738"]
[EventDate "2025.05.27"]

1. d4 d6 2. e4 Nf6 3. Bd3 e5 4. d5 Nbd7 5. c4 Nc5 6. Nc3 Nxd3+ 7. Qxd3 Be7 8.
Nge2 O-O 9. O-O Ne8 10. f4 exf4 11. Nxf4 g6 12. Be3 Ng7 13. Bd4 f5 14. Rae1 fxe4
15. Qxe4 Bf6 16. Ne6 Bxe6 17. dxe6 Bxd4+ 18. Qxd4 Rxf1+ 19. Kxf1 Qf8+ 20. Kg1
Re8 21. Qd5 c6 22. e7+ Qf7 23. Qxd6 Nf5 24. Qd7 Rxe7 25. Rxe7 Qxe7 26. Qxe7 Nxe7
27. Kf2 Kf7 28. Ne4 Ke6 29. Nc5+ Ke5 30. Nxb7 Kd4 31. b3 Kc3 32. Nc5 Kb2 33. b4
Kxa2 34. b5 Ka3 35. Nd7 Kb4 36. bxc6 Nxc6 37. c5 a5 38. Ke3 a4 39. Kd2 Kb3 40.
Kc1 a3 41. Kb1 a2+ 42. Ka1 Nb4 0-1

[Event "Titled Tue 27th May Early"]
[Site "chess.com INT"]
[Date "2025.05.27"]
[Round "3"]
[White "Kakavand, Ramtin"]
[Black "Uzdemir, Ali Poyraz"]
[Result "1-0"]
[WhiteTitle "FM"]
[BlackTitle "CM"]
[WhiteElo "2179"]
[BlackElo "2108"]
[WhiteFideId "32790597"]
[BlackFideId "51619733"]
[EventDate "2025.05.27"]

1. e4 c5 2. Nf3 d6 3. Bb5+ Nd7 4. a4 Nf6 5. Nc3 g6 6. O-O Bg7 7. Re1 O-O 8. d4
cxd4 9. Qxd4 a6 10. Bf1 b6 11. e5 dxe5 12. Nxe5 Bb7 13. Nxd7 Nxd7 14. Qh4 Nf6
15. Be3 Qc7 16. Qb4 Nd5 17. Nxd5 Bxd5 18. Bxb6 Qxc2 19. Re2 Qc6 20. a5 Rfe8 21.
Rxe7 Rxe7 22. Qxe7 Bxb2 23. Rd1 Bf6 24. Qe3 Re8 25. Qd3 Be4 26. Qxa6 Qe6 27. Qe2
Qf5 28. a6 Bc6 29. Qd3 Qg5 30. a7 Be5 31. Be3 Qh4 32. g3 Qg4 33. Bg2 Bf3 34.
Bxf3 Qxf3 35. Qd5 1-0

[Event "Titled Tue 27th May Early"]
[Site "chess.com INT"]
[Date "2025.05.27"]
[Round "3"]
[White "Terkiewicz, Bruno"]
[Black "Fernandes, Rogerio Paulo Muller"]
[Result "1-0"]
[WhiteTitle "CM"]
[WhiteElo "2183"]
[BlackElo "2241"]
[WhiteFideId "21093245"]
[BlackFideId "2101599"]
[EventDate "2025.05.27"]

1. Nf3 Nf6 2. d3 c5 3. e4 Nc6 4. g3 d6 5. Bg2 g6 6. O-O Bg7 7. c3 O-O 8. Re1 Rb8
9. a4 a6 10. Nbd2 b5 11. Nf1 b4 12. Ne3 a5 13. Bd2 Ng4 14. Nc4 Be6 15. Ng5 Bxc4
16. dxc4 Nge5 17. Qe2 h6 18. Nh3 bxc3 19. bxc3 Rb2 20. Reb1 Qb6 21. Qd1 Nxc4 22.
Rxb2 Qxb2 23. Be1 Rb8 24. Bf1 Na3 25. Nf4 Nc2 26. Rc1 Nxe1 27. Qxe1 Ne5 28. Kg2
g5 29. Nd5 e6 30. Ne3 Rb3 31. Rc2 Qa3 32. Bb5 1-0

[Event "Titled Tue 27th May Early"]
[Site "chess.com INT"]
[Date "2025.05.27"]
[Round "3"]
[White "Barp, Alberto"]
[Black "Baskakov, Egor"]
[Result "0-1"]
[WhiteTitle "IM"]
[BlackTitle "CM"]
[WhiteElo "2414"]
[BlackElo "2215"]
[WhiteFideId "872555"]
[BlackFideId "24197866"]
[EventDate "2025.05.27"]

1. d4 Nf6 2. Nf3 e6 3. g3 b6 4. Bg2 Bb7 5. O-O Be7 6. c4 O-O 7. Re1 Ne4 8. Nfd2
d5 9. cxd5 exd5 10. Nxe4 dxe4 11. Nc3 f5 12. Bf4 Bd6 13. Qb3+ Kh8 14. Bxd6 cxd6
15. d5 Nd7 16. f3 Nc5 17. Qd1 Qg5 18. Qd4 e3 19. f4 Qe7 20. b4 Nd7 21. Rac1 Nf6
22. Nd1 Rfe8 23. Rc3 Qf7 24. Nxe3 Ne4 25. Rc2 Re7 26. g4 fxg4 27. Rf1 g3 28.
hxg3 Nxg3 29. Rf3 Nh5 30. Nc4 Bxd5 31. Nxd6 Qe6 32. Rd3 Bxg2 33. Kxg2 Qg4+ 34.
Kf2 Nxf4 35. Rc4 Nxd3+ 36. exd3 Re2+ 0-1

[Event "Titled Tue 27th May Early"]
[Site "chess.com INT"]
[Date "2025.05.27"]
[Round "3"]
[White "Pham, Le Thao Nguyen"]
[Black "Tsydypov, Zhamsaran"]
[Result "0-1"]
[WhiteTitle "IM"]
[BlackTitle "GM"]
[WhiteElo "2388"]
[BlackElo "2514"]
[WhiteFideId "12401226"]
[BlackFideId "4108566"]
[EventDate "2025.05.27"]

1. d4 g6 2. Nf3 Bg7 3. Bg5 c5 4. c3 Qb6 5. Qb3 cxd4 6. Qxb6 axb6 7. Nxd4 Nc6 8.
e3 Nf6 9. Nd2 d5 10. Nb5 Kd8 11. Be2 h6 12. Bh4 e5 13. O-O Be6 14. a4 g5 15. Bg3
h5 16. h4 g4 17. Rfd1 Ke7 18. c4 Rac8 19. cxd5 Bxd5 20. Nc4 Bxc4 21. Bxc4 Rhd8
22. f3 Bh6 23. e4 Be3+ 24. Bf2 Bxf2+ 25. Kxf2 Nb4 26. b3 Nc6 27. Rac1 Na5 28.
Ke2 g3 29. Na3 Rxd1 30. Rxd1 Nd7 31. Bd5 Nc5 32. b4 Nxa4 33. bxa5 Nc3+ 34. Kd2
Nxd1 35. Kxd1 bxa5 36. Bxb7 Rc3 37. Nc2 a4 38. Bd5 f5 39. exf5 Rd3+ 40. Ke2 Rxd5
41. Ke3 Rb5 0-1

[Event "Titled Tue 27th May Early"]
[Site "chess.com INT"]
[Date "2025.05.27"]
[Round "3"]
[White "Rabin, Evan"]
[Black "Hobson, Kenneth"]
[Result "1-0"]
[BlackTitle "FM"]
[WhiteElo "1945"]
[BlackElo "2355"]
[WhiteFideId "2028670"]
[BlackFideId "480819"]
[EventDate "2025.05.27"]

1. e4 Nc6 2. d4 d5 3. e5 Bf5 4. c3 e6 5. Bd3 Nge7 6. Ne2 f6 7. exf6 gxf6 8. Ng3
Bxd3 9. Qxd3 Qd7 10. O-O O-O-O 11. Nd2 h5 12. Nb3 h4 13. Nc5 Qe8 14. Qb5 Rd6 15.
Qxb7+ Kd8 16. Qa8+ Nc8 17. Nb7+ Kd7 18. Nxd6 Bxd6 19. Ne2 Qg6 20. Bf4 h3 21. g3
Qe4 22. f3 Qxe2 23. Rf2 Qd3 24. Bxd6 Kxd6 25. Qb7 Nb6 26. Re1 Rb8 27. Rxe6+ Kxe6
28. Qxc6+ Kf5 29. Qxc7 Rg8 30. Qf4+ Ke6 31. Rd2 Qb1+ 32. Kf2 Kd7 33. Qxf6 Qg6
34. Qxg6 Rxg6 35. g4 Nc4 36. Re2 Rb6 37. b3 Nd6 38. Kg3 Rc6 39. Re3 Nb5 40. Kxh3
Nxc3 41. g5 Nb5 42. Kg4 1-0

[Event "Titled Tue 27th May Early"]
[Site "chess.com INT"]
[Date "2025.05.27"]
[Round "3"]
[White "Ser, Daniel"]
[Black "Kiran, Manisha Mohanty"]
[Result "1-0"]
[WhiteTitle "CM"]
[BlackTitle "WGM"]
[WhiteElo "2005"]
[BlackElo "2031"]
[WhiteFideId "12829404"]
[BlackFideId "5019575"]
[EventDate "2025.05.27"]

1. d4 Nf6 2. Bf4 d5 3. e3 g6 4. Nc3 Bg7 5. h4 h5 6. Nf3 Bg4 7. Qd2 Bxf3 8. gxf3
c6 9. O-O-O Nbd7 10. e4 e6 11. Bd3 Qe7 12. Bg5 Qf8 13. Rhg1 Bh6 14. f4 Bxg5 15.
fxg5 Nxe4 16. Nxe4 dxe4 17. Bxe4 Qd6 18. Kb1 O-O-O 19. Rg3 e5 20. Rd3 exd4 21.
Rxd4 Qe7 22. Qa5 Nb8 23. Qxa7 Rxd4 24. Qxd4 Rd8 25. Qxd8+ Qxd8 26. Rxd8+ Kxd8
27. c3 Ke7 28. Kc2 Nd7 29. Kd3 f5 30. Bg2 Ne5+ 31. Ke2 Ke6 32. b3 Nf7 33. f4 Nd6
34. Kd3 c5 35. a4 b6 36. b4 c4+ 37. Kd4 Kd7 38. Bd5 Kc7 39. Bxc4 Ne4 40. Bf7 Nd2
41. Bxg6 Nf3+ 42. Ke3 Nxh4 43. Bxh5 Ng2+ 44. Kf3 Ne1+ 45. Ke2 Ng2 46. Kf3 Ne1+
47. Kg3 Kd6 48. g6 Ke7 49. g7 1-0

[Event "Titled Tue 27th May Early"]
[Site "chess.com INT"]
[Date "2025.05.27"]
[Round "3"]
[White "Bahmani, Koorosh"]
[Black "Klekowski, Maciej"]
[Result "0-1"]
[WhiteTitle "CM"]
[BlackTitle "GM"]
[WhiteElo "2208"]
[BlackElo "2474"]
[WhiteFideId "42576750"]
[BlackFideId "1132717"]
[EventDate "2025.05.27"]

1. Nf3 d5 2. g3 Nf6 3. c4 d4 4. Bg2 Nc6 5. O-O e5 6. e3 Be7 7. exd4 exd4 8. d3
O-O 9. Bf4 a5 10. Na3 Nh5 11. Bc1 h6 12. Nb5 Nf6 13. Bf4 Ne8 14. Re1 g5 15. Bc1
Bf6 16. Nd2 Bg7 17. Ne4 Ne5 18. f4 gxf4 19. Bxf4 Ng6 20. Bd2 c6 21. Na3 Nc7 22.
c5 Nd5 23. Nc4 Be6 24. Ned6 Qd7 25. Qf3 Rad8 26. Qf2 a4 27. Rf1 b5 28. Na3 Ne5
29. Qe2 Bg4 30. Qe1 Nxd3 31. Qe4 Nxc5 0-1

[Event "Titled Tue 27th May Early"]
[Site "chess.com INT"]
[Date "2025.05.27"]
[Round "3"]
[White "Mihajlovskij, Sergei"]
[Black "Agarwal, Amaya"]
[Result "1-0"]
[BlackTitle "WCM"]
[WhiteElo "2292"]
[BlackElo "2004"]
[WhiteFideId "13500805"]
[BlackFideId "48733580"]
[EventDate "2025.05.27"]

1. e4 c5 2. Nf3 d6 3. d4 cxd4 4. Qxd4 Nc6 5. Bb5 Bd7 6. Qd3 Nf6 7. Nc3 e6 8. Bf4
e5 9. Bg5 a6 10. Bxc6 Bxc6 11. O-O-O h6 12. Bxf6 Qxf6 13. Nd5 Bxd5 14. Qxd5 Be7
15. Kb1 O-O 16. h4 Qe6 17. Qd2 b5 18. Qd3 Rfd8 19. g4 b4 20. h5 Rac8 21. g5 Qc4
22. gxh6 Qxd3 23. Rxd3 gxh6 24. Nd2 Kh7 25. Nf1 a5 26. Ne3 Bg5 27. Nf5 Rc6 28.
Rhd1 d5 29. exd5 Rf6 30. Ne7 Rfd6 31. Nc6 1-0

[Event "Titled Tue 27th May Early"]
[Site "chess.com INT"]
[Date "2025.05.27"]
[Round "3"]
[White "Piddubna, Bozhena"]
[Black "Nagare Kaivalya Sandip"]
[Result "0-1"]
[WhiteTitle "WFM"]
[BlackTitle "FM"]
[WhiteElo "2174"]
[BlackElo "2321"]
[WhiteFideId "34109293"]
[BlackFideId "25957929"]
[EventDate "2025.05.27"]

1. d4 Nf6 2. c4 g6 3. Nf3 Bg7 4. g3 O-O 5. Bg2 c6 6. Nc3 d5 7. Qb3 a5 8. O-O a4
9. Nxa4 dxc4 10. Qd1 b5 11. Nc5 Nbd7 12. Ne5 Nxe5 13. dxe5 Nd5 14. e4 Nb4 15.
Bf4 Na6 16. Nxa6 Bxa6 17. Qg4 Qd4 18. e6 Bc8 19. exf7+ Rxf7 20. Qh4 Qxb2 21.
Rad1 Be6 22. e5 Rc8 23. Bh3 Bxh3 24. Qxh3 Rcf8 25. Qe6 c3 26. Qxc6 c2 27. Rc1
Bxe5 28. Rxc2 Qd4 29. Bxe5 Qxe5 30. Qc5 Qe4 31. Rb2 Rf5 32. Qb6 R8f6 33. Qb8+
Kg7 34. Rxb5 Rxf2 35. Rxf2 Qe1+ 36. Kg2 Rxf2+ 37. Kh3 Qf1+ 38. Kg4 Qe2+ 39. Kh3
Rxh2# 0-1

[Event "Titled Tue 27th May Early"]
[Site "chess.com INT"]
[Date "2025.05.27"]
[Round "3"]
[White "Hiwale, Ronak"]
[Black "Arabidze, Meri"]
[Result "0-1"]
[BlackTitle "IM"]
[WhiteElo "2105"]
[BlackElo "2440"]
[WhiteFideId "30975336"]
[BlackFideId "13604040"]
[EventDate "2025.05.27"]

1. Nf3 d5 2. g3 Nf6 3. Bg2 e6 4. O-O Be7 5. d4 O-O 6. c4 dxc4 7. Nbd2 b5 8. Ne5
c6 9. Nxc6 Nxc6 10. Bxc6 Rb8 11. a4 a6 12. axb5 axb5 13. e3 Bb7 14. Bxb7 Rxb7
15. Qf3 Qd5 16. Qxd5 exd5 17. Nf3 Bd6 18. Ra6 Rd8 19. Bd2 Ne4 20. Rfa1 f6 21.
Ba5 Rc8 22. Nd2 Nxd2 23. Bxd2 Bf8 24. Ra8 Rxa8 25. Rxa8 Kf7 26. Kf1 b4 27. Ke2
Bd6 28. Kd1 Ke6 29. Kc2 h5 30. f3 h4 31. Be1 hxg3 32. hxg3 g5 33. e4 g4 34. Ra5
gxf3 35. Rxd5 b3+ 36. Kb1 Rh7 37. Kc1 Rh1 38. Kd2 Bb4+ 39. Ke3 Rxe1+ 40. Kxf3 c3
41. bxc3 b2 42. cxb4 b1=Q 43. Ra5 Qxe4+ 44. Kf2 Qe2# 0-1

[Event "Titled Tue 27th May Early"]
[Site "chess.com INT"]
[Date "2025.05.27"]
[Round "3"]
[White "Tekeyev, Zaur"]
[Black "Krzywda, Andrzej"]
[Result "1-0"]
[WhiteTitle "IM"]
[BlackTitle "CM"]
[WhiteElo "2417"]
[BlackElo "2175"]
[WhiteFideId "4199731"]
[BlackFideId "1114565"]
[EventDate "2025.05.27"]

1. e4 c5 2. Nf3 e6 3. d4 cxd4 4. Nxd4 d6 5. c4 a6 6. Nc3 Nf6 7. Bd3 Nbd7 8. Qe2
Qc7 9. f4 b6 10. O-O Bb7 11. f5 e5 12. Nb3 Rc8 13. a4 Be7 14. Kh1 h5 15. Be3 Qb8
16. Nd5 Bd8 17. Rac1 Bc6 18. Nd2 h4 19. Bc2 Nh5 20. Kg1 Bxd5 21. cxd5 b5 22.
axb5 axb5 23. Bd3 Rxc1 24. Rxc1 Bb6 25. Bxb6 Qxb6+ 26. Qf2 Qxf2+ 27. Kxf2 Nc5
28. Bxb5+ Ke7 29. b4 Rb8 30. bxc5 Rxb5 31. cxd6+ Kxd6 32. Nc4+ Kc5 33. Nxe5+ Kd4
34. Nxf7 Kxe4 35. Nd6+ 1-0

[Event "Titled Tue 27th May Early"]
[Site "chess.com INT"]
[Date "2025.05.27"]
[Round "3"]
[White "Guerra Tulcan, Lenin"]
[Black "Melikhov, Evgeny V."]
[Result "1-0"]
[WhiteTitle "IM"]
[BlackTitle "FM"]
[WhiteElo "2310"]
[BlackElo "2154"]
[WhiteFideId "3601382"]
[BlackFideId "4122046"]
[EventDate "2025.05.27"]

1. e4 e5 2. Nf3 Nc6 3. Bb5 a6 4. Ba4 Nf6 5. Qe2 b5 6. Bb3 Be7 7. c3 d6 8. O-O
O-O 9. Rd1 Be6 10. Bc2 h6 11. d4 Bd7 12. Nbd2 Re8 13. d5 Na5 14. Nf1 c5 15. h3
c4 16. g4 Nb7 17. Ng3 Bf8 18. Kh2 g6 19. Rg1 Nc5 20. Bd2 Nh7 21. Rg2 Ng5 22. Nf5
Nxf3+ 23. Qxf3 Kh7 24. Rag1 g5 25. h4 f6 26. hxg5 hxg5 27. Kg3 Bxf5 28. Qxf5+
Kg8 29. Rh2 Ra7 30. Rgh1 Rg7 31. Bxg5 Be7 32. Rh7 1-0

[Event "Titled Tue 27th May Early"]
[Site "chess.com INT"]
[Date "2025.05.27"]
[Round "3"]
[White "Modric, Nesa"]
[Black "Aung Thant Zin"]
[Result "1-0"]
[WhiteTitle "CM"]
[BlackTitle "FM"]
[WhiteElo "2088"]
[BlackElo "2268"]
[WhiteFideId "922579"]
[BlackFideId "13000063"]
[EventDate "2025.05.27"]

1. d4 Nf6 2. Bg5 e6 3. Nd2 d5 4. Ngf3 Be7 5. e3 c5 6. c3 Nc6 7. Bd3 O-O 8. O-O
b6 9. Ne5 Bb7 10. f4 h6 11. Bh4 Ne8 12. Bf2 Nd6 13. g4 f5 14. Ng6 Rf7 15. Nxe7+
Qxe7 16. h3 Ne4 17. Nf3 Kh8 18. Be1 g5 19. Ne5 Nxe5 20. fxe5 Raf8 21. gxf5 Rxf5
22. Qh5 Rxf1+ 23. Bxf1 Kg7 24. a4 a5 25. Rc1 c4 26. Rc2 Bc6 27. Rg2 Bxa4 28. h4
Bc2 29. hxg5 Nxg5 30. Bh4 Rf5 31. Be2 Kh7 32. Bg4 Nf3+ 33. Bxf3 Qf8 34. Qg6+ Kh8
35. Bf6+ Rxf6 36. Qxf6+ 1-0

[Event "Titled Tue 27th May Early"]
[Site "chess.com INT"]
[Date "2025.05.27"]
[Round "3"]
[White "Weetik, Vjacheslav"]
[Black "Bratovic, Blaz"]
[Result "1-0"]
[WhiteTitle "FM"]
[BlackTitle "IM"]
[WhiteElo "2423"]
[BlackElo "2319"]
[WhiteFideId "4153472"]
[BlackFideId "14603551"]
[EventDate "2025.05.27"]

1. d4 f5 2. g3 Nf6 3. Bg2 e6 4. c4 d5 5. Nh3 Bd6 6. O-O O-O 7. Bf4 Be7 8. Nd2
Nc6 9. Be5 Nxe5 10. dxe5 Ng4 11. cxd5 exd5 12. Nf4 c6 13. Nf3 g5 14. Nd3 f4 15.
Qb3 Kh8 16. Rad1 Rb8 17. Nd4 Nh6 18. Nxc6 bxc6 19. Qxb8 Qe8 20. Qxa7 Rf7 21. Rc1
Rg7 22. Qa8 Rg8 23. Qxc6 Qh5 24. Qxc8 Rxc8 25. Rxc8+ Kg7 26. Bf3 Qf7 27. Rc7 Nf5
28. gxf4 Nd4 29. Kh1 gxf4 30. Rg1+ Kh6 31. Rd7 Qe6 32. Ra7 Bg5 33. Bg4 Qb6 34.
Rd7 Qb5 35. Rd6+ Kg7 36. Bd7 h6 37. Bxb5 1-0

[Event "Titled Tue 27th May Early"]
[Site "chess.com INT"]
[Date "2025.05.27"]
[Round "3"]
[White "Solonkov, Dmitrij"]
[Black "Matskevich, Varvara"]
[Result "1-0"]
[WhiteTitle "FM"]
[BlackTitle "WFM"]
[WhiteElo "2434"]
[BlackElo "1988"]
[WhiteFideId "4150139"]
[BlackFideId "13523465"]
[EventDate "2025.05.27"]

1. e4 c5 2. Nf3 d6 3. d4 cxd4 4. Nxd4 Nf6 5. Nc3 a6 6. Bg5 Nbd7 7. f3 Qc7 8. Qd2
b5 9. a3 Bb7 10. O-O-O e6 11. g4 Be7 12. h4 Ne5 13. Be2 O-O 14. h5 Nc4 15. Bxc4
bxc4 16. Be3 Nd7 17. g5 Nc5 18. Rdg1 d5 19. exd5 Rad8 20. dxe6 Nxe6 21. Nxe6
fxe6 22. Qe1 Bxf3 23. Rh3 Qe5 24. Bd2 Qxe1+ 25. Rxe1 Bg4 26. Rh4 Rxd2 27. Rxg4
Rff2 28. Nd1 Rxc2+ 29. Kb1 Rfe2 30. Rf1 c3 31. bxc3 Bxa3 32. Ra4 Bf8 33. Rxa6
Rcd2 34. Ra8 Rf2 1-0